000 01024nas a2200265 454500
001 42640
005 20260407193511.0
008 260407s2016####ag###########|||spa#d
003 AR-UNSa-BCEJYS
040 _aAR-UNSa-BCEJYS
_bspa
_cAR-UNSa-BCEJYS
080 _a342.7
_xDerechos fundamentales. Derechos humanos. Derechos y deberes de los ciudadanos (Derecho a la Salud, vivienda)
245 1 0 _aAnuario de derechos económicos, sociales y culturales en la CABA 2015
264 1 _aCiudad Autónoma de Buenos Aires :
_bMinisterio Público de la Defensa
_c2016
310 _aFrecuencia: Anual
041 _aspa
942 _cSER
590 _aniveau_biblio:s niveau_hierar:1
100 1 _aCiudad Autónoma de Buenos Aires. Ministerio Público de la Defensa
650 _aDerechos culturales
650 _aDerechos humanos
650 _aDerecho
650 _aDerechos sociales y económicos
650 _aBUENOS AIRES
856 4 1 _uhttps://biblioeco.unsa.edu.ar/pmb/images/revistas/R20785.jpg
_yImagen de portada
_qimage/jpeg
999 _c8893
_d8893